Tribhuvan University Central Library
Normal view MARC view
  • Petroleum exploration

Entry Topical Term

Number of records used in: 1

001 - CONTROL NUMBER

  • control field: 8206

003 - CONTROL NUMBER IDENTIFIER

  • control field: OSt

005 - DATE AND TIME OF LATEST TRANSACTION

  • control field: 20110104153905.0

008 - FIXED-LENGTH DATA ELEMENTS

  • fixed length control field: 110104|||a|||||| | ||| d

040 ## - CATALOGING SOURCE

  • Original cataloging agency: OSt
  • Transcribing agency: OSt

150 ## - HEADING--TOPICAL TERM

  • Topical term or geographic name as entry element: Petroleum exploration

670 ## - SOURCE DATA FOUND

  • Source citation: Work cat.: (OSt)50123: Naboko, S.I., ed. 8203, Hydrothermal mineral-forming solutions in the areas of active volcanism, 1982

670 ## - SOURCE DATA FOUND

  • Source citation: Work cat.: (OSt)50123: Naboko, S.I., ed. 8203, Hydrothermal mineral-forming solutions in the areas of active volcanism, 1982